000 00848nam a22002777a 4500
003 CHAP
005 20220329135748.0
008 971013s r 00010 d
010 _a41675
011 _a42647
035 _a46776
040 _cCHAP
090 _aR-2134
100 0 0 _aErnst, L. F.
_937327
245 _aGroundwater flow to a deep well near a rectilinear channel
500 _aSobretiro de : Journal of Hydrology 42 : 129-146, 1979
590 _aBATCH-UPD
_b10
_c20130110
_lUCH01
_h1302
590 _aBATCH-UPD
_b10
_c20130410
_lUCH01
_h0820
590 _aBATCH-UPD
_b10
_c20130914
_lUCH01
_h1050
590 _aCONVERSION
_b10
_c20130109
_lUCH01
_h1323
650 1 4 _aAgua subterranea.
_92456
650 1 4 _aCorrientes de agua
_xMedición.
_928261
901 _aBK
942 _cREIMP
949 _aR-2134
_bBC
_cR
_d-106564
_eTS1
_i46776
_si
999 _c41675
_d41675